000 00635 a2200157 4500
020 _a0470845295
040 _aDLC
_bDLC
082 _a621.382
245 0 0 _aWireless networks
_cP. Nicopolitidis ... [et al.].
260 _aChichester, West Sussex :
_bJ. Wiley,
_cc2003.
300 _axvi, 405 p. :
_bill. ;
_c25 cm.
520 1 _a"This volume provides engineers, researchers, postgraduates and senior undergraduate students with an accessible self-contained reference to all of the key areas of wireless networks."--BK JACKET.
650 0 _aWireless communication systems.
700 1 _aNicopolitidis, P.
942 _cBK
_k621.382 NIC
_2ddc
999 _c8165
_d8165